| 000 | 00450nam a2200181Ia 4500 | ||
|---|---|---|---|
| 003 | 0100 | ||
| 008 | 130303s9999 xx 000 0 und d | ||
| 040 | _cARRUPELIB | ||
| 050 | _aK256.D881999 | ||
| 245 | 4 | _aThe duty to obey the law | |
| 260 | _aNew York | ||
| 260 | _bRowman and littlefield | ||
| 260 | _C1999 | ||
| 300 | _a351p.23cm | ||
| 650 | _bCity planning | ||
| 700 | _aedited by William A. Edmundson , Edmundson, William A | ||
| 942 | 0 | 0 | _01 |
| 999 |
_c17141 _d17141 |
||